书目信息 |
| 题名: |
元素性质数据手册
|
|
| 作者: | 李振寰 编 | |
| 分册: | ||
| 出版信息: | 石家庄 河北人民出版社 1985 |
|
| 页数: | 115页 | |
| 开本: | 20cm | |
| 丛书名: | ||
| 单 册: | ||
| 中图分类: | O611.3-62 | |
| 科图分类: | ||
| 主题词: | 化学元素-化学性质--数据--手册 , 化学性质-化学元素--数据--手册 | |
| 电子资源: | ||
| ISBN: | ||
| 000 | 00716nam0 2200253 45 | |
| 001 | 0185010804 | |
| 005 | 20040524163335.7 | |
| 010 | @dCNY1.20 | |
| 091 | @aCN@b13086.131 | |
| 100 | @a19900918d1985 em y0chiy0121 ea | |
| 101 | 0 | @achi |
| 102 | @aCN@b130000 | |
| 105 | @ak z 000yy | |
| 106 | @ar | |
| 200 | 10 | @a元素性质数据手册@Ayuan su xing zhi shu ju shou ce@f李振寰编 |
| 210 | @a石家庄@c河北人民出版社@d1985 | |
| 215 | @a115页@c表格@d20cm | |
| 606 | @a化学元素-化学性质@x数据@x手册 | |
| 606 | @a化学性质-化学元素@x数据@x手册 | |
| 690 | @aO611.3-62@v3 | |
| 701 | 0 | @a李振寰@Ali zhen huan@4编 |
| 801 | 0 | @aCN@b深圳图书馆@c20040524 |
| 801 | 2 | @aCN@bNLC@c20040524 |
| 905 | @f2@b141870-871@dO611.3-62@e6 | |
| 元素性质数据手册/李振寰编.-石家庄:河北人民出版社,1985 |
| 115页:表格;20cm |
| ISBN :CNY1.20 |
| ● |
| 相关链接 |
|
|
|
|
正题名:元素性质数据手册
索取号:O611.3-62/6
 
预约/预借
| 序号 | 登录号 | 条形码 | 馆藏地/架位号 | 状态 | 备注 |
| 1 | 0141870 | 000349493 | 第三借阅区/ [索取号:O611.3-62/6] | 在馆 | |
| 2 | 0141871 | 000349509 | 第三借阅区/ [索取号:O611.3-62/6] | 在馆 | |
| 3 | 0141872 | 202447664 | 第二样本阅览室/ [索取号:O611.3-62/6] | 在馆 |